| 000 | 01359pam a2200421 i 4500 | ||
|---|---|---|---|
| 001 | 8430 | ||
| 003 | FISKH | ||
| 005 | 20250911144131.0 | ||
| 008 | 800725s1981 njua j 000 0 eng | ||
| 010 | _a 80023785 | ||
| 020 |
_a0893754323 : _c$6.92 (est.) |
||
| 020 |
_a0893754331 (pbk.) : _c$1.50 (est.) |
||
| 020 | _a9780893754327 | ||
| 020 | _a9780893754334 | ||
| 035 | _a882714 | ||
| 040 |
_aDLC _cDLC _dDLC _beng |
||
| 050 | 0 | 0 |
_aTT174.7 _b.S96 |
| 082 | 0 | 0 |
_a745.592/24 _219 |
| 100 | 1 | _aSupraner, Robyn. | |
| 245 | 0 | 0 |
_aPlenty of puppets to make / _cwritten by Robyn and Lauren Supraner ; illustrated by Renzo Barto. |
| 260 |
_aMahwah : _bTroll Associates, _c1981. |
||
| 300 |
_a47 pages : _bcolor illustrations ; _c24 cm |
||
| 336 |
_atext _btxt _2rdacontent |
||
| 337 |
_aunmediated _bn _2rdamedia |
||
| 338 |
_avolume _bnc _2rdacarrier |
||
| 505 | _aJ | ||
| 520 | _aInstructions for making puppets from milk cartons, cereal boxes, paper plates, egg cartons, and other materials. | ||
| 521 | 8 |
_a500
_bLexile estimate |
|
| 521 | 8 |
_aJ
_bRaz-Plus |
|
| 650 | 0 |
_aPuppet making _xJuvenile literature. |
|
| 650 | 1 | _aPuppet making. | |
| 650 | 1 | _aHandicraft. | |
| 700 | 1 |
_aSupraner, Lauren, _ejoint author. |
|
| 700 | 1 | _aBarto, Renzo. | |
| 906 |
_a7 _bcbc _corignew _d1 _eocip _f19 _gy-gencatlg |
||
| 942 |
_2ddc _cBK _n0 |
||
| 999 |
_c8430 _d8430 |
||